01289nam a2200313Ia 450000100060000000300090000600800410001504000130005604000130006904100130008210000200009510000290011524500490014424500790019325000110027226000120028326000240029526000490031930000570036850001930042565000190061865000310063794200070066895700060067599900170068199900070069899900060070595202640071119222IT-RoPAU130308s9999 xx 000 0 und d aIT-RoPAU cIT-RoPAU aITALIANO aComuzio Ermanno gCodice Aut. SPICS: 7870 aWagner e il cinema-Itinerario di un rapporto bImmagine in me Nascosta (L')-Richard Wagner: un itinerario Cinematografico a1a ed. aVENEZIA bAssessorato Cultura c1983 [1° Ed.:1983 - Ed.Ling.Originale:1983] a"21 p. (prefazione: no ; testo: 21 [pagine: 11-31])" aWagner Compositore Cinematografico Opere Filmate e musiche del Cinema Mutoeroismo e Nazionalismo Amore e Morte Musica di Wagner e Nazismo Tristano e Isotta Eterno ritorno dei fatali Amanti aSAGGI MUSICALI eCodice materia Spics: 7011 cBK 71 c60630d60630 bSI g1 001040619222_00000000000000071aSPICSbSPICSd2013-03-08l0o19222r2013-03-08 00:00:00w2013-03-08yBKzProgressivo inserimento: 51759 / N. Volumi: 0 [=Contributo] Copie: 1 Copia Rara: SI / data import: 1 marzo 2013 - By Epidotti, Trombetti, Vaglietti.